000
00318nam a2200133Ia 4500
008
191201s2019 xx 000 0 und d
082
_a
536
100
_a
LAKHTIN, Yu
245
0
_a
Engineering Physical Metallurgy and Heat Treatment
260
_a
Moscow
_b
Mirpub
300
_a
413
650
_a
Applied
942
_2
ddc
_c
BK
999
_c
590
_d
590